LMS International Ltd and anor v Styrene Packing and Insulation Ltd and anor (Record no. 104762)
[ view plain ]
| 000 -LEADER | |
|---|---|
| fixed length control field | 01579cab a2200193 4500 |
| 001 - CONTROL NUMBER | |
| control field | ##L131440 |
| 008 - FIXED-LENGTH DATA ELEMENTS--GENERAL INFORMATION | |
| fixed length control field | 051031n2005 000 0 eng u |
| 035 ## - SYSTEM CONTROL NUMBER | |
| System control number | (Sirsi) u131440 |
| 041 0# - LANGUAGE CODE | |
| Language code of text/sound track or separate title | eng |
| 245 00 - TITLE STATEMENT | |
| Title | LMS International Ltd and anor v Styrene Packing and Insulation Ltd and anor |
| 260 ## - PUBLICATION, DISTRIBUTION, ETC. | |
| Date of publication, distribution, etc. | 2005 |
| 520 ## - SUMMARY, ETC. | |
| Summary, etc. | [2005] EWHC 2065 (TCC), unreported. Following a fire at the defendant's (S) factory, the court had to decide liability under the rule of Rylands and Fletcher. The fire had spread to an adjoining building and caused considerable damage. L claimed to damage to machinery and business interruption, whilst their co-claimants the landlords, claimed for building reinstatement costs and loss of rent. Although S claimed that is was negligent, the court decided that it was regardless of the Rylands rule. "Held": the fire was associated with hot wire cutting machinery, and S had bought into it's premises flammable material. S had not taken proper fire precautions and had not trained it's staff, the fire had not been dealt with swiftly. The landlords for S were liable for failing to provide proper support to the party wall during remedial works after the fire. |
| 590 ## - LOCAL NOTE (RLIN) | |
| Local note | IKA081105 |
| 650 24 - SUBJECT ADDED ENTRY--TOPICAL TERM | |
| Topical term or geographic name entry element | RYLANDS V FLETCHER |
| 650 24 - SUBJECT ADDED ENTRY--TOPICAL TERM | |
| Topical term or geographic name entry element | LMS INTERNATIONAL LTD AND ANOTHERV STYRENE PACKING AND INSULATION LTD AND ANOTHER |
| 690 ## - LOCAL SUBJECT ADDED ENTRY--TOPICAL TERM (OCLC, RLIN) | |
| Topical term or geographic name as entry element | MANAGEMENT-BUSINESS MANAGEMENT-PROFESSIONAL PRACTICE-NEGLIGENCE |
| 856 40 - ELECTRONIC LOCATION AND ACCESS | |
| Uniform Resource Identifier | <a href="https://www.bailii.org/cgi-bin/markup.cgi?doc=/ew/cases/EWHC/TCC/2005/2065.html">https://www.bailii.org/cgi-bin/markup.cgi?doc=/ew/cases/EWHC/TCC/2005/2065.html</a> |
| Public note | View the item free of charge at www.bailii.org... |
| 942 ## - ADDED ENTRY ELEMENTS (KOHA) | |
| Suppress in OPAC | 0 |
| Withdrawn status | Lost status | Source of classification or shelving scheme | Damaged status | Not for loan | Home library | Current library | Shelving location | Date acquired | Total Checkouts | Full call number | Barcode | Date last seen | Copy number | Price effective from | Koha item type |
|---|---|---|---|---|---|---|---|---|---|---|---|---|---|---|---|
| Dewey Decimal Classification | Virtual | Virtual | Online | 03/11/2005 | ONLINE PUBLICATION | 131440-2001 | 06/08/2019 | 1 | 06/08/2019 | Law report |